Normal view
MARC view
- Ramamrutham,S
Entry Personal Name
001 - CONTROL NUMBER
- control field: 573
003 - CONTROL NUMBER IDENTIFIER
- control field: OSt
005 - DATE AND TIME OF LATEST TRANSACTION
- control field: 20160624142556.0
008 - FIXED-LENGTH DATA ELEMENTS
- fixed length control field: 160624|| aca||aabn | a|a d
040 ## - CATALOGING SOURCE
- Original cataloging agency: OSt
- Transcribing agency: OSt
100 ## - HEADING--PERSONAL NAME
- Personal name: Ramamrutham,S
670 ## - SOURCE DATA FOUND
- Source citation: Work cat.: (OSt): Ramamrutham,S, Prestressed Concrete, 2009
